LEADER 01065nam 2200349 450 001 9910809866003321 005 20230814233110.0 010 $a3-7369-8802-8 035 $a(CKB)4100000008398563 035 $a(MiAaPQ)EBC5789069 035 $a(EXLCZ)994100000008398563 100 $a20190628d2018 uy 0 101 0 $ager 135 $aurcnu|||||||| 181 $ctxt$2rdacontent 182 $cc$2rdamedia 183 $acr$2rdacarrier 200 10$aEvolution der Wirtspflanzenanpassung in Pieridae $eUntersuchungen zur mo?glichen Rolle cyanidentgiftender Enzyme /$fAnna-Maria Steiner 210 1$aGo?ttingen :$cCuvillier Verlag,$d2018. 215 $a1 online resource (134 pages) 311 $a3-7369-9802-3 606 $aPlants$xAdaptation 615 0$aPlants$xAdaptation. 676 $a581.4 700 $aSteiner$b Anna Maria$01616559 801 0$bMiAaPQ 801 1$bMiAaPQ 801 2$bMiAaPQ 906 $aBOOK 912 $a9910809866003321 996 $aEvolution der Wirtspflanzenanpassung in Pieridae$93947299 997 $aUNINA LEADER 01971nas 2200625-c 450 001 9910449358603321 005 20250917110111.0 035 $a(OCoLC)1154921385 035 $a(CKB)2520000000000731 035 $a(CONSER)--2021239315 035 $a(DE-599)ZDB2125273-7 035 $a(DE-599)2125273-7 035 $a(EXLCZ)992520000000000731 100 $a19800618a19099999 --- b 101 0 $aspa 135 $aurun||||||||| 181 $ctxt$2rdacontent 182 $cc$2rdamedia 183 $acr$2rdacarrier 200 00$aActas dermo-sifiliográficas 210 1$aMadrid$cAcademia Española de Dermatología y Venereología$d1909- 215 $a1 online resource$cillustrations 300 $aVols. for <2009-> published: Madrid : Elsevier España 300 $aRefereed/Peer-reviewed 311 08$a0001-7310 531 $aACTAS DERMO-SIFILIOGR#XE1FICAS 531 0 $aActas dermo-sifiliogr 606 $aDermatology$vPeriodicals 606 $aSyphilis$vPeriodicals 606 $aDermatology 606 $aSexually Transmitted Diseases 606 $aSyphilis 606 $aDermatology$2fast$3(OCoLC)fst00891059 606 $aSyphilis$2fast$3(OCoLC)fst01141294 606 $aDermatologia$2thub 606 $aMalalties de transmissió sexual$2thub 608 $aPeriodical. 608 $aPeriodicals.$2fast 608 $aRevistes electròniques.$2thub 615 0$aDermatology 615 0$aSyphilis 615 2$aDermatology. 615 2$aSexually Transmitted Diseases. 615 2$aSyphilis. 615 7$aDermatology. 615 7$aSyphilis. 615 7$aDermatologia. 615 7$aMalalties de transmissió sexual. 676 $a616.5005 712 02$aAcademia Espan?ola de Dermatologi?a y Sifiliografi?a, 712 02$aAcademia Espan?ola de Dermatologi?a y Venereologi?a, 906 $aJOURNAL 912 $a9910449358603321 996 $aActas dermo-sifiliográficas$91891443 997 $aUNINA